000 00513nam a2200193Ia 4500
005 20221019115928.0
008 131103s9999 xx 000 0 und d
020 _a8126904917
_cRs 450
040 _aLoreto College
041 _aEnglish
082 _a153.94
_bKUM
100 _aKumar, G. Ram
245 _aCareer Excellence
_b Volume 1
_cG. Ram Kumar
260 _aNew Delhi
_bAtlantic Publishers and Distributors
_c2005
300 _axv,232p
650 _aCareer Guidance
850 _aLCLIB
942 _cBK
999 _c11906
_d62385